[Event "DVM U20w 2022"]
[Site "Münster GER"]
[Date "2022.12.28"]
[Round "3"]
[White "Müdder, Melanie"]
[Black "Peglau, Charis"]
[Result "0-1"]
[Termination "normal"]
[Board "1.1"]
[WhiteElo "1927"]
[BlackElo "2008"]
[WhiteClock "00:22:39"]
[BlackClock "00:57:15"]
[WhiteTeam "Schachgesellschaft Solingen e. V."]
[BlackTeam "Schachzentrum Seeblick e. V."]
[PlyCount "98"]
[WhiteFideId "12994103"]
[BlackFideId "16219996"]
[EventCountry "GER"]
[EventRounds "7"]
[EventType "team-swiss"]
[EventDate "2022.12.26"]

1. e4 {[%clk 01:30:58]} {[%emt 00:00:01]} c5 {[%clk 01:30:55]} {[%emt
00:00:06]} 2. Nf3 {[%clk 01:31:21]} {[%emt 00:00:07]} e6 {[%clk 01:31:20]}
{[%emt 00:00:04]} 3. d4 {[%clk 01:31:45]} {[%emt 00:00:06]} cxd4 {[%clk
01:31:46]} {[%emt 00:00:04]} 4. Nxd4 {[%clk 01:32:08]} {[%emt 00:00:08]} a6
{[%clk 01:32:11]} {[%emt 00:00:05]} 5. Nc3 {[%clk 01:32:01]} {[%emt 00:00:36]}
b5 {[%clk 01:32:33]} {[%emt 00:00:09]} 6. Qf3 {[%clk 01:15:00]} {[%emt
00:17:31]} Bb7 {[%clk 01:30:16]} {[%emt 00:02:46]} 7. Be3 {[%clk 01:05:27]}
{[%emt 00:10:03]} Nf6 {[%clk 01:29:53]} {[%emt 00:00:53]} 8. Bd3 {[%clk
01:02:16]} {[%emt 00:03:41]} Be7 {[%clk 01:22:24]} {[%emt 00:07:59]} 9. a3
{[%clk 00:47:28]} {[%emt 00:15:19]} Qc7 {[%clk 01:16:31]} {[%emt 00:06:22]} 10.
O-O {[%clk 00:35:24]} {[%emt 00:12:34]} Nc6 {[%clk 01:13:57]} {[%emt 00:03:05]}
11. Nxc6 {[%clk 00:31:01]} {[%emt 00:04:52]} Bxc6 {[%clk 01:08:42]} {[%emt
00:05:45]} 12. Rfe1 {[%clk 00:27:19]} {[%emt 00:04:12]} O-O {[%clk 01:01:36]}
{[%emt 00:07:37]} 13. Qh3 {[%clk 00:24:07]} {[%emt 00:03:42]} e5 {[%clk
01:00:37]} {[%emt 00:01:28]} 14. Bg5 {[%clk 00:15:48]} {[%emt 00:08:48]} d6
{[%clk 00:57:57]} {[%emt 00:03:10]} 15. Nd5 {[%clk 00:09:20]} {[%emt 00:06:59]}
Bxd5 {[%clk 00:55:25]} {[%emt 00:03:02]} 16. exd5 {[%clk 00:09:44]} {[%emt
00:00:06]} g6 {[%clk 00:55:41]} {[%emt 00:00:14]} 17. a4 {[%clk 00:06:11]}
{[%emt 00:04:03]} Rab8 {[%clk 00:51:46]} {[%emt 00:04:25]} 18. axb5 {[%clk
00:05:04]} {[%emt 00:01:37]} axb5 {[%clk 00:52:11]} {[%emt 00:00:05]} 19. Qf3
{[%clk 00:03:58]} {[%emt 00:01:36]} Nh5 {[%clk 00:50:20]} {[%emt 00:02:21]} 20.
Bh6 {[%clk 00:03:13]} {[%emt 00:01:15]} Ng7 {[%clk 00:48:50]} {[%emt 00:02:00]}
21. Qe2 {[%clk 00:03:00]} {[%emt 00:00:44]} b4 {[%clk 00:44:28]} {[%emt
00:04:52]} 22. f4 {[%clk 00:01:33]} {[%emt 00:01:57]} Qc5 {[%clk 00:44:36]}
{[%emt 00:00:22]} 23. Kh1 {[%clk 00:01:59]} {[%emt 00:00:04]} Qxd5 {[%clk
00:44:34]} {[%emt 00:00:33]} 24. Bc4 {[%clk 00:01:19]} {[%emt 00:01:09]} Qc5
{[%clk 00:44:00]} {[%emt 00:01:03]} 25. fxe5 {[%clk 00:01:15]} {[%emt
00:00:35]} dxe5 {[%clk 00:44:21]} {[%emt 00:00:08]} 26. Be3 {[%clk 00:01:25]}
{[%emt 00:00:20]} Qc7 {[%clk 00:43:38]} {[%emt 00:01:14]} 27. Ra7 {[%clk
00:01:45]} {[%emt 00:00:10]} Rb7 {[%clk 00:44:03]} {[%emt 00:00:05]} 28. Rea1
{[%clk 00:01:57]} {[%emt 00:00:18]} Nf5 {[%clk 00:41:41]} {[%emt 00:02:52]} 29.
Rxb7 {[%clk 00:01:18]} {[%emt 00:01:09]} Qxb7 {[%emt 00:00:25]} 30. Ra7 {[%clk
00:01:33]} {[%emt 00:00:14]} Qc6 {[%clk 00:37:16]} {[%emt 00:05:01]} 31. Bg1
{[%clk 00:00:52]} {[%emt 00:01:10]} Bc5 {[%clk 00:32:51]} {[%emt 00:04:55]} 32.
Bb5 {[%clk 00:00:50]} {[%emt 00:00:33]} Qd6 {[%clk 00:29:43]} {[%emt 00:03:38]}
33. Ra6 {[%clk 00:00:41]} {[%emt 00:00:38]} Qe7 {[%clk 00:30:08]} {[%emt
00:00:05]} 34. Rc6 {[%clk 00:00:34]} {[%emt 00:00:38]} Bxg1 {[%clk 00:30:14]}
{[%emt 00:00:24]} 35. Kxg1 {[%clk 00:00:57]} {[%emt 00:00:06]} Nd4 {[%clk
00:30:08]} {[%emt 00:00:36]} 36. Qc4 {[%clk 00:01:17]} {[%emt 00:00:09]} Nxc6
{[%clk 00:30:13]} {[%emt 00:00:26]} 37. Qxc6 {[%clk 00:01:39]} {[%emt
00:00:08]} Qa7 {[%clk 00:30:06]} {[%emt 00:00:37]} 38. Kf1 {[%clk 00:01:55]}
{[%emt 00:00:14]} Qa1 {[%clk 00:30:24]} {[%emt 00:00:12]} 39. Ke2 {[%clk
00:02:24]} {[%emt 00:00:01]} Qxb2 {[%clk 00:30:48]} {[%emt 00:00:06]} 40. Qc4
{[%clk 00:02:23]} {[%emt 00:00:31]} Rd8 {[%clk 00:30:16]} {[%emt 00:01:01]} 41.
Qc7 {[%clk 00:28:13]} {[%emt 00:04:39]} Qd4 {[%clk 00:58:57]} {[%emt 00:01:50]}
42. Qc4 {[%clk 00:24:39]} {[%emt 00:04:04]} Qxc4 {[%clk 00:58:25]} {[%emt
00:01:03]} 43. Bxc4 {[%clk 00:25:03]} {[%emt 00:00:06]} Kg7 {[%clk 00:58:37]}
{[%emt 00:00:17]} 44. Ke3 {[%clk 00:24:15]} {[%emt 00:01:18]} f5 {[%clk
00:59:00]} {[%emt 00:00:07]} 45. Be2 {[%clk 00:23:42]} {[%emt 00:01:03]} Kf6
{[%clk 00:59:18]} {[%emt 00:00:12]} 46. h3 {[%clk 00:23:29]} {[%emt 00:00:43]}
h5 {[%clk 00:58:40]} {[%emt 00:01:09]} 47. g4 {[%clk 00:22:36]} {[%emt
00:01:23]} Kg5 {[%clk 00:58:23]} {[%emt 00:00:47]} 48. gxf5 {[%clk 00:22:23]}
{[%emt 00:00:43]} gxf5 {[%clk 00:58:34]} {[%emt 00:00:19]} 49. Bd3 {[%clk
00:22:39]} {[%emt 00:00:14]} Rxd3 {[%clk 00:57:15]} {[%emt 00:01:50]} 0-1

[Event "DVM U20w 2022"]
[Site "Münster GER"]
[Date "2022.12.28"]
[Round "3"]
[White "Peglau, Dora"]
[Black "Rudolph, Eva"]
[Result "1-0"]
[Termination "normal"]
[Board "1.2"]
[WhiteElo "1869"]
[BlackElo "1818"]
[WhiteClock "01:20:39"]
[BlackClock "00:41:21"]
[WhiteTeam "Schachzentrum Seeblick e. V."]
[BlackTeam "Schachgesellschaft Solingen e. V."]
[PlyCount "32"]
[WhiteFideId "16220005"]
[BlackFideId "16200594"]
[EventCountry "GER"]
[EventRounds "7"]
[EventType "team-swiss"]
[EventDate "2022.12.26"]

1. d4 {[%clk 01:30:57]} {[%emt 00:00:02]} Nf6 {[%clk 01:30:55]} {[%emt
00:00:06]} 2. Nf3 {[%clk 01:31:09]} {[%emt 00:00:18]} d5 {[%clk 01:30:33]}
{[%emt 00:00:52]} 3. c4 {[%clk 01:31:23]} {[%emt 00:00:16]} e6 {[%clk
01:30:31]} {[%emt 00:00:31]} 4. Nc3 {[%clk 01:31:41]} {[%emt 00:00:13]} Be7
{[%clk 01:29:24]} {[%emt 00:01:37]} 5. Bf4 {[%clk 01:31:12]} {[%emt 00:00:59]}
O-O {[%clk 01:28:07]} {[%emt 00:01:47]} 6. e3 {[%clk 01:31:33]} {[%emt
00:00:09]} a6 {[%clk 01:25:03]} {[%emt 00:03:33]} 7. c5 {[%clk 01:29:58]}
{[%emt 00:02:05]} b6 {[%clk 01:06:07]} {[%emt 00:19:27]} 8. b4 {[%clk
01:29:06]} {[%emt 00:01:22]} Nh5 {[%clk 00:59:23]} {[%emt 00:07:15]} 9. Bg3
{[%clk 01:27:59]} {[%emt 00:01:37]} a5 {[%clk 00:53:06]} {[%emt 00:06:47]} 10.
a3 {[%clk 01:28:17]} {[%emt 00:00:11]} bxc5 {[%clk 00:50:39]} {[%emt 00:02:58]}
11. bxc5 {[%clk 01:27:43]} {[%emt 00:01:04]} Ba6 {[%clk 00:50:21]} {[%emt
00:00:48]} 12. Bxa6 {[%clk 01:27:11]} {[%emt 00:01:02]} Rxa6 {[%clk 00:47:19]}
{[%emt 00:03:32]} 13. Rb1 {[%clk 01:24:26]} {[%emt 00:03:15]} Nd7 {[%clk
00:45:47]} {[%emt 00:02:03]} 14. Rb7 {[%clk 01:20:21]} {[%emt 00:04:35]} Nxg3
{[%clk 00:41:31]} {[%emt 00:04:46]} 15. hxg3 {[%clk 01:20:44]} {[%emt
00:00:07]} c6 {[%clk 00:41:21]} {[%emt 00:00:39]} 16. Qd3 {[%clk 01:20:39]}
{[%emt 00:00:35]} Ra8 {[%emt 00:03:39]} 1-0

[Event "DVM U20w 2022"]
[Site "Münster GER"]
[Date "2022.12.28"]
[Round "3"]
[White "Sereda, Yaroslava"]
[Black "Peglau, Mirjam"]
[Result "0-1"]
[Termination "normal"]
[Board "1.3"]
[WhiteElo "1885"]
[BlackElo "1875"]
[WhiteClock "00:00:43"]
[BlackClock "00:03:21"]
[WhiteTeam "Schachgesellschaft Solingen e. V."]
[BlackTeam "Schachzentrum Seeblick e. V."]
[PlyCount "158"]
[WhiteFideId "14178940"]
[BlackFideId "16211138"]
[EventCountry "GER"]
[EventRounds "7"]
[EventType "team-swiss"]
[EventDate "2022.12.26"]

1. e4 {[%clk 01:30:56]} {[%emt 00:00:02]} e6 {[%clk 01:30:53]} {[%emt
00:00:08]} 2. d4 {[%clk 01:31:17]} {[%emt 00:00:08]} d5 {[%clk 01:31:22]} 3.
Nd2 {[%clk 01:31:32]} {[%emt 00:00:16]} c5 {[%clk 01:31:36]} {[%emt 00:00:15]}
4. Ngf3 {[%clk 01:31:35]} {[%emt 00:00:27]} cxd4 {[%clk 01:31:47]} {[%emt
00:00:19]} 5. Nxd4 {[%clk 01:28:03]} {[%emt 00:04:01]} Nc6 {[%clk 01:31:59]}
{[%emt 00:00:18]} 6. N2b3 {[%clk 01:06:44]} {[%emt 00:21:49]} dxe4 {[%clk
01:23:15]} {[%emt 00:09:14]} 7. Bb5 {[%clk 01:04:24]} {[%emt 00:02:50]} Bd7
{[%clk 01:22:52]} {[%emt 00:00:54]} 8. Qe2 {[%clk 01:00:26]} {[%emt 00:04:27]}
Nxd4 {[%clk 01:19:16]} {[%emt 00:04:06]} 9. Nxd4 {[%clk 01:00:30]} {[%emt
00:00:26]} Nf6 {[%clk 01:18:22]} {[%emt 00:01:24]} 10. O-O {[%clk 00:51:23]}
{[%emt 00:09:37]} Bxb5 {[%clk 01:11:27]} {[%emt 00:07:26]} 11. Nxb5 {[%clk
00:50:55]} {[%emt 00:00:58]} Bc5 {[%clk 01:06:42]} {[%emt 00:05:15]} 12. Bg5
{[%clk 00:43:40]} {[%emt 00:07:45]} O-O {[%clk 01:05:08]} {[%emt 00:02:04]} 13.
Rad1 {[%clk 00:38:15]} {[%emt 00:05:54]} Qb6 {[%clk 01:03:31]} {[%emt
00:02:08]} 14. Nc3 {[%clk 00:30:21]} {[%emt 00:08:24]} Bd4 {[%clk 00:52:56]}
{[%emt 00:11:05]} 15. Nxe4 {[%clk 00:18:45]} {[%emt 00:12:06]} Nxe4 {[%clk
00:41:59]} {[%emt 00:11:27]} 16. Qxe4 {[%clk 00:19:08]} {[%emt 00:00:07]} Bxb2
{[%clk 00:41:53]} {[%emt 00:00:36]} 17. Rb1 {[%clk 00:09:54]} {[%emt 00:09:44]}
Qd4 {[%clk 00:38:10]} {[%emt 00:04:13]} 18. Qxb7 {[%clk 00:10:01]} {[%emt
00:00:23]} Rab8 {[%clk 00:37:17]} {[%emt 00:01:23]} 19. Qf3 {[%clk 00:09:03]}
{[%emt 00:01:27]} Qa4 {[%clk 00:34:36]} {[%emt 00:03:12]} 20. Qg3 {[%clk
00:05:01]} {[%emt 00:04:32]} Qa3 {[%clk 00:21:00]} {[%emt 00:14:07]} 21. Be3
{[%clk 00:03:04]} {[%emt 00:02:26]} g6 {[%clk 00:13:28]} {[%emt 00:08:03]} 22.
h4 {[%clk 00:02:17]} {[%emt 00:01:17]} Rbc8 {[%clk 00:12:18]} {[%emt 00:01:41]}
23. Rfd1 {[%clk 00:00:45]} {[%emt 00:02:01]} Qxa2 {[%clk 00:09:22]} {[%emt
00:03:27]} 24. Qf4 {[%clk 00:00:40]} {[%emt 00:00:34]} Bg7 {[%clk 00:09:16]}
{[%emt 00:00:36]} 25. h5 {[%clk 00:00:41]} {[%emt 00:00:29]} Qxc2 {[%clk
00:07:35]} {[%emt 00:02:11]} 26. h6 {[%clk 00:00:49]} {[%emt 00:00:23]} Bh8
{[%clk 00:07:58]} {[%emt 00:00:07]} 27. Bd4 {[%clk 00:00:50]} {[%emt 00:00:29]}
Qf5 {[%clk 00:06:39]} {[%emt 00:01:49]} 28. Qe3 {[%clk 00:00:51]} {[%emt
00:00:29]} Bf6 {[%clk 00:04:56]} {[%emt 00:02:13]} 29. Bxa7 {[%clk 00:00:47]}
{[%emt 00:00:34]} Bg5 {[%clk 00:04:36]} {[%emt 00:00:49]} 30. Qe2 {[%clk
00:00:37]} {[%emt 00:00:40]} Bxh6 {[%clk 00:04:53]} {[%emt 00:00:13]} 31. Rb5
{[%clk 00:00:40]} {[%emt 00:00:26]} Qc2 {[%clk 00:04:15]} {[%emt 00:01:08]} 32.
Qf3 {[%clk 00:00:45]} {[%emt 00:00:25]} Qxd1 {[%clk 00:03:40]} {[%emt
00:01:06]} 33. Qxd1 {[%clk 00:01:06]} {[%emt 00:00:08]} Rc1 {[%clk 00:04:09]}
{[%emt 00:00:01]} 34. Qxc1 {[%clk 00:01:23]} {[%emt 00:00:13]} Bxc1 {[%clk
00:04:38]} {[%emt 00:00:02]} 35. Bd4 {[%clk 00:00:48]} {[%emt 00:01:04]} Bf4
{[%clk 00:04:37]} {[%emt 00:00:31]} 36. g3 {[%clk 00:00:46]} {[%emt 00:00:33]}
Bh6 {[%clk 00:04:40]} {[%emt 00:00:27]} 37. Kg2 {[%clk 00:00:50]} {[%emt
00:00:26]} Bg7 {[%clk 00:04:44]} {[%emt 00:00:26]} 38. Bc5 {[%clk 00:01:09]}
{[%emt 00:00:11]} Rc8 {[%clk 00:04:59]} {[%emt 00:00:14]} 39. Kf3 {[%clk
00:00:48]} {[%emt 00:00:52]} Bf6 {[%clk 00:04:35]} {[%emt 00:00:53]} 40. Bd6
{[%clk 00:00:37]} {[%emt 00:00:41]} Kg7 {[%clk 00:04:34]} {[%emt 00:00:31]} 41.
g4 {[%clk 00:15:52]} {[%emt 00:15:15]} h6 {[%clk 00:34:00]} {[%emt 00:01:04]}
42. Kg3 {[%clk 00:14:19]} {[%emt 00:02:03]} g5 {[%clk 00:30:08]} {[%emt
00:04:22]} 43. Kf3 {[%clk 00:11:52]} {[%emt 00:02:57]} Kg6 {[%clk 00:29:53]}
{[%emt 00:00:45]} 44. Kg3 {[%clk 00:11:47]} {[%emt 00:00:36]} Bd4 {[%clk
00:26:29]} {[%emt 00:03:54]} 45. Be5 {[%clk 00:06:21]} {[%emt 00:05:56]} Bxe5
{[%clk 00:25:00]} {[%emt 00:01:59]} 46. Rxe5 {[%clk 00:06:43]} {[%emt
00:00:08]} Rc3 {[%clk 00:25:23]} {[%emt 00:00:07]} 47. Kg2 {[%clk 00:06:49]}
{[%emt 00:00:23]} Rc4 {[%clk 00:25:25]} {[%emt 00:00:28]} 48. Kg3 {[%clk
00:06:57]} {[%emt 00:00:21]} Rc3 {[%clk 00:23:55]} {[%emt 00:02:01]} 49. Kg2
{[%clk 00:07:08]} {[%emt 00:00:19]} Rd3 {[%clk 00:24:23]} {[%emt 00:00:02]} 50.
Ra5 {[%clk 00:06:59]} {[%emt 00:00:40]} f5 {[%clk 00:23:49]} {[%emt 00:01:04]}
51. Ra6 {[%clk 00:06:20]} {[%emt 00:01:09]} Kf6 {[%clk 00:23:54]} {[%emt
00:00:24]} 52. gxf5 {[%clk 00:06:34]} {[%emt 00:00:16]} Kxf5 {[%clk 00:24:22]}
{[%emt 00:00:03]} 53. Ra8 {[%clk 00:06:25]} {[%emt 00:00:39]} Kg4 {[%clk
00:20:34]} {[%emt 00:04:17]} 54. Ra4 {[%clk 00:06:22]} {[%emt 00:00:34]} Kf5
{[%clk 00:20:42]} {[%emt 00:00:22]} 55. Ra8 {[%clk 00:06:17]} {[%emt 00:00:36]}
h5 {[%clk 00:20:17]} {[%emt 00:00:54]} 56. Rf8 {[%clk 00:05:56]} {[%emt
00:00:52]} Kg4 {[%clk 00:20:11]} {[%emt 00:00:36]} 57. Re8 {[%clk 00:05:50]}
{[%emt 00:00:36]} Rd6 {[%clk 00:19:54]} {[%emt 00:00:47]} 58. Rf8 {[%clk
00:01:34]} {[%emt 00:04:46]} Rd2 {[%clk 00:19:22]} {[%emt 00:01:02]} 59. Rf3
{[%clk 00:00:58]} {[%emt 00:01:06]} h4 {[%clk 00:18:25]} {[%emt 00:01:27]} 60.
Re3 {[%clk 00:00:49]} {[%emt 00:00:39]} Kf5 {[%clk 00:18:31]} {[%emt 00:00:24]}
61. Rf3 {[%clk 00:01:05]} {[%emt 00:00:15]} Ke5 {[%clk 00:18:07]} {[%emt
00:00:53]} 62. Re3 {[%clk 00:01:19]} {[%emt 00:00:17]} Kd5 {[%clk 00:17:36]}
{[%emt 00:01:00]} 63. Ra3 {[%clk 00:00:41]} {[%emt 00:01:09]} g4 {[%clk
00:16:11]} {[%emt 00:01:56]} 64. Ra4 {[%clk 00:00:47]} {[%emt 00:00:23]} Rd4
{[%clk 00:16:26]} {[%emt 00:00:15]} 65. Ra5 {[%clk 00:00:56]} {[%emt 00:00:21]}
Kc4 {[%clk 00:14:33]} {[%emt 00:02:23]} 66. Re5 {[%clk 00:00:49]} {[%emt
00:00:37]} Kd3 {[%clk 00:12:41]} {[%emt 00:02:21]} 67. Rxe6 {[%clk 00:00:40]}
{[%emt 00:00:40]} Re4 {[%clk 00:12:53]} {[%emt 00:00:17]} 68. Rh6 {[%clk
00:00:42]} {[%emt 00:00:28]} h3 {[%clk 00:10:04]} {[%emt 00:03:19]} 69. Kg3
{[%clk 00:01:00]} {[%emt 00:00:12]} Ke2 {[%clk 00:07:44]} {[%emt 00:02:50]} 70.
Rh7 {[%clk 00:00:40]} {[%emt 00:00:50]} Rd4 {[%clk 00:05:49]} {[%emt 00:02:25]}
71. Re7 {[%clk 00:00:40]} {[%emt 00:00:30]} Kf1 {[%clk 00:05:57]} {[%emt
00:00:22]} 72. Rh7 {[%clk 00:00:43]} {[%emt 00:00:27]} Kg1 {[%clk 00:05:12]}
{[%emt 00:01:15]} 73. f3 {[%clk 00:00:42]} {[%emt 00:00:31]} gxf3 {[%clk
00:02:04]} {[%emt 00:03:39]} 74. Kxf3 {[%clk 00:00:42]} {[%emt 00:00:29]} Rd3
{[%clk 00:02:15]} {[%emt 00:00:19]} 75. Ke2 {[%clk 00:00:40]} {[%emt 00:00:31]}
Rg3 {[%clk 00:02:32]} {[%emt 00:00:14]} 76. Rf7 {[%clk 00:00:36]} {[%emt
00:00:33]} h2 {[%clk 00:02:13]} {[%emt 00:00:49]} 77. Rf1 {[%clk 00:00:42]}
{[%emt 00:00:24]} Kg2 {[%clk 00:02:41]} {[%emt 00:00:02]} 78. Rf2 {[%clk
00:00:44]} {[%emt 00:00:28]} Kh3 {[%clk 00:03:03]} {[%emt 00:00:07]} 79. Rf1
{[%clk 00:00:43]} {[%emt 00:00:32]} Rg1 {[%clk 00:03:21]} {[%emt 00:00:12]} 0-1

[Event "DVM U20w 2022"]
[Site "Münster GER"]
[Date "2022.12.28"]
[Round "3"]
[White "Peglau, Sarah"]
[Black "Fetahovic, Sarah"]
[Result "1-0"]
[Termination "normal"]
[Board "1.4"]
[WhiteElo "1790"]
[BlackElo "1340"]
[WhiteClock "00:05:46"]
[BlackClock "00:02:56"]
[WhiteTeam "Schachzentrum Seeblick e. V."]
[BlackTeam "Schachgesellschaft Solingen e. V."]
[PlyCount "59"]
[WhiteFideId "16219961"]
[BlackFideId "34601546"]
[EventCountry "GER"]
[EventRounds "7"]
[EventType "team-swiss"]
[EventDate "2022.12.26"]

1. Nf3 {[%clk 01:30:48]} {[%emt 00:00:12]} d5 {[%clk 01:30:40]} {[%emt
00:00:19]} 2. e3 {[%clk 01:31:05]} {[%emt 00:00:13]} e6 {[%clk 01:30:30]}
{[%emt 00:00:40]} 3. b3 {[%clk 01:30:21]} {[%emt 00:01:14]} Nd7 {[%clk
01:28:37]} {[%emt 00:02:24]} 4. c4 {[%clk 01:27:50]} {[%emt 00:03:02]} Ngf6
{[%clk 01:25:15]} {[%emt 00:03:51]} 5. Nc3 {[%clk 01:26:46]} {[%emt 00:01:33]}
a6 {[%clk 01:19:19]} {[%emt 00:06:27]} 6. Bb2 {[%clk 01:23:48]} {[%emt
00:03:28]} Bd6 {[%clk 01:13:31]} {[%emt 00:06:18]} 7. d4 {[%clk 01:22:58]}
{[%emt 00:01:21]} c5 {[%clk 01:08:28]} {[%emt 00:05:33]} 8. Be2 {[%clk
01:22:34]} {[%emt 00:00:54]} Qc7 {[%clk 00:59:01]} {[%emt 00:09:56]} 9. dxc5
{[%clk 01:13:07]} {[%emt 00:09:58]} Bxc5 {[%clk 00:53:02]} {[%emt 00:06:28]}
10. cxd5 {[%clk 01:11:26]} {[%emt 00:02:11]} Bb4 {[%clk 00:52:32]} {[%emt
00:00:59]} 11. Rc1 {[%clk 01:10:17]} {[%emt 00:01:39]} Nxd5 {[%clk 00:48:20]}
{[%emt 00:04:43]} 12. Qd4 {[%clk 01:08:24]} {[%emt 00:02:23]} N7f6 {[%clk
00:41:30]} {[%emt 00:07:20]} 13. O-O {[%clk 01:07:55]} {[%emt 00:00:59]} Nxc3
{[%clk 00:36:52]} {[%emt 00:05:07]} 14. Bxc3 {[%clk 01:07:38]} {[%emt
00:00:48]} Bxc3 {[%clk 00:37:15]} {[%emt 00:00:07]} 15. Rxc3 {[%clk 01:07:55]}
{[%emt 00:00:12]} Qe7 {[%clk 00:35:47]} {[%emt 00:01:57]} 16. Rfc1 {[%clk
01:06:34]} {[%emt 00:01:51]} O-O {[%clk 00:29:30]} {[%emt 00:06:48]} 17. Rc7
{[%clk 01:05:52]} {[%emt 00:01:11]} Qa3 {[%clk 00:27:46]} {[%emt 00:02:13]} 18.
Qc4 {[%clk 00:55:35]} {[%emt 00:10:48]} g6 {[%clk 00:20:25]} {[%emt 00:07:51]}
19. Ng5 {[%clk 00:47:22]} {[%emt 00:08:44]} Nd5 {[%clk 00:15:25]} {[%emt
00:05:30]} 20. Qh4 {[%clk 00:40:56]} {[%emt 00:06:55]} h5 {[%clk 00:10:41]}
{[%emt 00:05:14]} 21. Bxh5 {[%clk 00:36:54]} {[%emt 00:04:33]} Nxc7 {[%clk
00:10:11]} {[%emt 00:01:00]} 22. Bd1 {[%clk 00:36:15]} {[%emt 00:01:09]} Kg7
{[%clk 00:09:05]} {[%emt 00:01:36]} 23. Qh7 {[%clk 00:27:27]} {[%emt 00:09:18]}
Kf6 {[%clk 00:09:21]} {[%emt 00:00:13]} 24. Ne4 {[%clk 00:27:27]} {[%emt
00:00:30]} Ke7 {[%clk 00:06:57]} {[%emt 00:02:55]} 25. Qh4 {[%clk 00:21:06]}
{[%emt 00:06:51]} f6 {[%clk 00:06:11]} {[%emt 00:01:16]} 26. Qh7 {[%clk
00:18:22]} {[%emt 00:03:14]} Ke8 {[%clk 00:04:41]} {[%emt 00:02:00]} 27. Rxc7
{[%clk 00:13:37]} {[%emt 00:05:16]} b6 {[%clk 00:03:19]} {[%emt 00:01:51]} 28.
Qxg6 {[%clk 00:10:48]} {[%emt 00:03:19]} Kd8 {[%clk 00:03:31]} {[%emt
00:00:18]} 29. Qg7 {[%clk 00:10:19]} {[%emt 00:01:00]} f5 {[%clk 00:02:56]}
{[%emt 00:01:04]} 30. Nc5 {[%clk 00:05:46]} {[%emt 00:05:03]} 1-0